Quizzes
Events
Quiz Creation
Community
Videos
Private Events
Remove Ads
Sign In
Join for FREE
Feedback
Dark Mode
Quiz Categories
Sports
Geography
Music
Movies
Television
Just For Fun
Miscellaneous
History
Literature
Language
Science
Gaming
Entertainment
Religion
Holiday
For Kids
Quiz Lab
Recent
Popular Today
Quiz Kudos Today
Editor Picks
Curator Picks
Quizzes by...
Day
Popularity
Type
Ratings
Length
Year
Community
Subscriptions
Recent Discussions
Orange Saloon
Badges
Playlists
Quests
Create
Leaderboards
Showdown
Live 5
Trivia Bingo
Activity
Puzzle Library
Sporcle Events
Private Events
Virtual Trivia
Globe League
Become a Host
Pub Owners
SporcleCon
Opinionation
Our Games
Videos
Blog
Mobile Apps
Partnerships
Remove Ads and Go Orange
Feedback
Miscellaneous
Crossword
General Knowledge
Baby Names
Logo
Food
Cars
Numbers
Grab Bag
University
College
Popular
Company
Slogans
Restaurants
Justice
Letter
Miscellaneous
Crossword
General Knowledge
Baby Names
Logo
Food
Cars
Numbers
Grab Bag
University
College
Popular
Company
Slogans
Restaurants
Justice
Letter
Random Quiz
Search Sporcle
×
Quiz Lab
Quiz Lab
Miscellaneous
Tiger
Type in answers that appear in a list
Type in answers that appear in a list
Classic
Best Score? Go Orange.
Tigers Tigers Tigers Tigers Tigers! Stats
Can you name the tigers?
By
JayHankEdLyon
5m
14 Questions
132 Plays
132 Plays
132 Plays
Comments
Comments
Give Quiz Kudos
Give Quiz Kudos
-
- Ratings
hide this ad
More Info
Random Order
Randomize order of answers
Randomize order of answers
Replay
Link that replays current quiz
Next Quiz
Link to next quiz in quiz playlist
You Got
0%
They Got
Avg Score
53%
Avg Friend Score
Upgrade to see
Score Distribution
Jump to the score distribution portion of the page
Score
0/14
Timer
05:00
0
Plays Today
Hint
Tiger
% Correct
Professional golfer plagued with personal difficulties.
Tiger Woods
92.4%
Grrrrrreat blue-
nosed cereal mascot.
Tony the Tiger
90.9%
The (second) most dangerous fish in the seas.
Tiger Shark
86.4%
The theme song of Rocky III.
Eye of the Tiger
84.1%
A bouncy stuffed toy who's apparently one of a kind.
Tigger
75.8%
Michigan baseball team.
Detroit Tigers
64.4%
Pro team that bares the stripes, but not the word 'Tiger.'
Cincinnati Bengals
63.6%
Hint
Tiger
% Correct
The river from which the word 'tiger' is ultimately derived.
Tigris
59.8%
Friend of a six-
year-
old; named for the author of 'Leviathan.'
Hobbes
37.1%
Rudyard Kipling's crippled villain.
Shere Khan
28.8%
Sri Lankan seperatist group.
Tamil Tigers
28%
William Blake poem about fearful symmetry.
The Tyger
16.7%
An electroclash band, or one of Zoolander's signature looks.
Le Tigre
7.6%
ThunderCat who can turn invisible.
Tygra
6.8%
Quiz Playlist
Details
Report
Send in Message
Add To Playlist
More Info:
This quiz includes both actual tiger characters or tiger-related answers.
Classic:
Type in answers that appear in a list
Random Order:
Randomize order of answers
Last Updated: Feb 16, 2017
Quiz Scoreboard
CHALLENGE
Sign Up to Join the Scoreboard
Show All
Scores
Hide
Comments
May contain spoilers
Recently Published
9x9 Crossword: Cartoon Network
by jackfrog10
Miscellaneous
3m
College Basketball Coaching Resumes
by pancakes188
Sports
9m
Billboard Blitz: Fleetwood Mac
by CooCooCachoo
Music
15s
More to Explore
Quiz From the Vault
Featured Blog Post
Where Did the Easter Bunny Come From?
hide this ad
You Might Also Like...
Tags
Tiger
Today's Top Quizzes in Miscellaneous
Browse Miscellaneous
hide this ad
Today's Top Quizzes in Tiger
Browse Tiger
Top Contributed Quizzes in Miscellaneous
1
5-to-1: Fast Food
2
The JOE quick-fire general knowledge quiz: Day 174
3
The JOE quick-fire general knowledge quiz: Day 173
4
5-to-1: Cocktails
5
The JOE quick-fire general knowledge quiz: Day 172
6
Sunday Crossword: Famous Bodies of Water
7
The JOE quick-fire general knowledge quiz: Day 171
8
One Thing in Common: United Kingdom II
9
Named After an Animal - Odd One Out!
10
The JOE quick-fire quiz: Day 170
Explore More
Trending Topics
Harry Potter
Anime
Crossword
Disney
Kpop
Marvel
NBA
Pokémon
Puzzle
WWE
Country
The Office
Soccer
Song
NFL
hide this ad
More By:
JayHankEdLyon
Quiz
Plays
Rating
Category
Featured
Created
NFL Team Name Origins
232,814
4.62
Sports
Nov 1, 2009
Super Mario Bros Enemies (1985)
115,143
3.26
Gaming
Sep 26, 2009
Zelda Dungeon Items
95,910
3.75
Gaming
Sep 25, 2009
Untrainable Pokémon
92,364
3.50
Gaming
Jan 12, 2010
Zelda Bosses
34,243
4.03
Gaming
Sep 26, 2009
Go to Creator's Profile
Score Distribution
Quiz Creator Spotlight
JayHankEdLyon
Follow
Send a Message
Quizzes Created
-
Created Quiz Play Count
-
More By This Creator
Popular Quizzes Today
1
Find the US States - No Outlines Minefield
2
Find the Countries of Europe - No Outlines Minefield
3
The Countries of the World
4
Find the US States
5
Risky Map Clicking: Biggest States A-Z
6
US States
7
Popular People in 1961
8
Movies - When Are They Set?
More Miscellaneous Quizzes
Greetings from the USA
Editor's Pick
Trending Quizzes
Risky Map Clicking: Least Populous States A-Z
1-10 Letter G Words
1-10 Letter F Words
Risky Map Clicking: Next State Alphabetically
Adjectives in 80s TV Shows
Recently Updated
Leaping Animals
pecheneg
Reality TV Shows (A-Z)
bhenderson79
Rickey Henderson's Hall of Fame Teammates
pecheneg
Champions League XIs: Arsenal
pecheneg
Quick Pick: Celebrities in WWE's Hall of Fame
aduchscher
A-Z Keypad Blitz II
pecheneg
Multiple Oscar Actors
pecheneg
Mystery Phrase Blitz: Oscar 'Best Actors'
pecheneg
F. Scott Fitzgerald Novels
LTH
Pick 3 Villains
ddd62291
Trending Topics
Kpop
Disney
Crossword
Harry Potter
Marvel
Anime
NBA
NFL
Song
Pokémon
Puzzle
The Office
WWE
Soccer
Country
Your Account Isn't Verified!
In order to create a playlist on Sporcle, you need to verify the email address you used during registration. Go to your
Sporcle Settings
to finish the process.
Report this User
Report this user for behavior that violates our
Community Guidelines
.
Details:
Send Report
Go to the Sporcle.com Mobile Site →
Comments